|
|
|
|
| LEADER |
01643cas a2200241 a 4500 |
| 001 |
AALejournalIMF004334 |
| 008 |
230101c9999 xx r poo 0 0eng d |
| 020 |
|
|
|c 5.00 USD
|
| 020 |
|
|
|z 9781451821826
|
| 022 |
|
|
|a 1934-7685
|
| 040 |
|
|
|a BD-DhAAL
|c BD-DhAAL
|
| 110 |
2 |
|
|a International Monetary Fund.
|
| 245 |
1 |
0 |
|a Cambodia :
|b Selected Issues and Statistical Appendix.
|
| 264 |
|
1 |
|a Washington, D.C. :
|b International Monetary Fund,
|c 2006.
|
| 300 |
|
|
|a 1 online resource (68 pages)
|
| 490 |
1 |
|
|a IMF Staff Country Reports
|
| 500 |
|
|
|a <strong>Off-Campus Access:</strong> No User ID or Password Required
|
| 500 |
|
|
|a <strong>On-Campus Access:</strong> No User ID or Password Required
|
| 506 |
|
|
|a Electronic access restricted to authorized BRAC University faculty, staff and students
|
| 520 |
3 |
|
|a The Selected Issues paper discusses Cambodia's poverty and growth, private sector development, public financial management reform, and debt sustainability. It summarizes the Poverty Assessment and describes the regime of tax incentives, costs, and limits for private investment. It also summarizes the assessment of Cambodia's Public Expenditure Management system and Public Financial Management Reform Program. It highlights the key reform priorities, and provides historical background on Cambodia's external and domestic debt. It also includes a statistical appendix and a summary of the tax system.
|
| 538 |
|
|
|a Mode of access: Internet
|
| 830 |
|
0 |
|a IMF Staff Country Reports; Country Report ;
|v No. 2006/265
|
| 856 |
4 |
0 |
|z Full text available on IMF
|u http://elibrary.imf.org/view/journals/002/2006/265/002.2006.issue-265-en.xml
|z IMF e-Library
|